000 01120nam a2200205Ia 4500
003 Ost
005 20260507075636.0
008 260507s9999||||xx |||||||||||||| ||und||
040 _cfsecg
041 _aara
082 _a346.07
100 _aحسن، علي عوض
_eمؤلف
245 0 _aالصبغ القانونية للإنذرات على يد محضر وفقا لقانون التجارة رقم 17 لسنة 1999 وقانون حماية الملكية الفكرية رقم 82 لسنة 2000 /
_c علي عوض حسن
260 _aالإسكندرية:
_bدار المطبوعات الجامعية,
_c2003
300 _a400 صفحة؛
_bإيضاحات ؛
_c24 سم
490 _aالمكتبة القانونية
520 _aالقانون المدني وقانون المرافعات- القانون التجاري والبحري والضرائب- العمل والتأمينات الإجتماعية- النقابات العمالية- الأحوال الشخصية- القانون الإداري والجنائي- حالات متفرقة
653 _aالقانون التجاري
942 _cكتاب
999 _c45291
_d45291